00551cam a22001812 4500001001100000005001700011008004100028020001500069040001500084100003300099245006600132250001300198260004700211300001200258650004100270650005500311852000300366000001919420151217145911.0101019s xx 000 0 eng d a0138157111 aKABUcKABU1 aJones, Gareth R.@000016962810aOrganizational theory, design, and change /cGareth R. Jones. a6th ed. aUpper Saddle River, NJ. :bPearson,c2010. a543 p. 0aOrganizational behavior.@0000150790 0aOrganizational behaviorxCase studies.@00001506911